[Event "AUS-ch Major"]
[Site "Sydney"]
[Date "2020.01.07"]
[Round "6"]
[White "Escribano, Jose"]
[Black "Prasad, Lalit"]
[Result "0-1"]
[WhiteElo "1774"]
[BlackElo "1962"]
[PlyCount "113"]
[EventDate "2020.01.02"]
[EventType "swiss"]
[EventRounds "11"]
[EventCountry "AUS"]
[SourceTitle "CBM 195 Extra"]
[Source "ChessBase"]
[SourceDate "2020.05.31"]
[SourceVersion "1"]
[SourceVersionDate "2020.05.31"]
[SourceQuality "1"]

1. e4 c5 2. Nc3 e6 3. f4 Nc6 4. Nf3 d5 5. Bb5 d4 6. Bxc6+ bxc6 7. Ne2 Nf6 8. d3 Be7 9. b3 0-0 10. 0-0 a5 11. a4 c4 12. bxc4 c5 13. Bd2 Nd7 14. Qe1 Nb8 15. Nc1 Nc6 16. Kh1 Qc7 17. Nb3 Bd7 18. Qg3 Rfb8 19. Ne5 Nb4 20. Rfc1 Be8 21. Ng4 Nxc2 22. Rxc2 Rxb3 23. h3 Kh8 24. Nf2 Rab8 25. Rca2 f5 26. Qf3 Qb6 27. Kh2 Bc6 28. Qh5 g6 29. Qe2 Bd7 30. exf5 gxf5 31. Qe5+ Kg8 32. Qe1 Ra8 33. Qe5 Kf7 34. Qe2 Qc6 35. Qh5+ Kg7 36. Re1 Kh8 37. Qe2 Bf6 38. Nh1 Qc7 39. Rg1 e5 40. Rf1 Re8 41. Rf3 Bc6 42. Rf2 e4 43. dxe4 fxe4 44. Qd1 Rbb8 45. Bc1 e3 46. Rf1 Rbd8 47. Ng3 d3 48. Bb2 Bxb2 49. Rxb2 e2 50. Qa1 exf1N+ 51. Nxf1 Qxf4+ 52. Ng3 Qe5 53. Qa2 Rg8 54. Rf2 Qxg3+ 55. Kg1 Qxg2+ 56. Rxg2 Rxg2+ 57. Qxg2 0-1

[Event "Sydney op-B"]
[Site "Parramatta"]
[Date "2013.04.05"]
[Round "6"]
[White "Chibnall, Alana"]
[Black "Escribano, Jose"]
[Result "1-0"]
[WhiteElo "1879"]
[BlackElo "1658"]
[PlyCount "45"]
[EventDate "2013.04.03"]
[EventType "swiss"]
[EventRounds "9"]
[EventCountry "AUS"]
[SourceTitle "EXT 2023"]
[Source "ChessBase"]
[SourceDate "2022.10.05"]
[SourceVersion "1"]
[SourceVersionDate "2022.10.05"]
[SourceQuality "1"]

1. e4 c5 2. Nc3 Nc6 3. f4 e6 4. Bc4 g6 5. Nf3 Nge7 6. e5 d5 7. exd6 Qxd6 8. Ne4 Qxf4 9. d3 Qc7 10. Nfg5 Bg7 11. 0-0 Nf5 12. g4 h6 13. Nxf7 0-0 14. gxf5 Bd4+ 15. Kh1 Rxf7 16. fxe6 Rxf1+ 17. Qxf1 Kg7 18. c3 Be5 19. Qh3 Ne7 20. Qxh6+ Kg8 21. Ng5 b5 22. Qh7+ Kf8 23. Qf7# 1-0

[Event "Sydney op-B"]
[Site "Parramatta"]
[Date "2013.04.04"]
[Round "3"]
[White "Escribano, Jose"]
[Black "Nguyen, Joseph"]
[Result "0-1"]
[WhiteElo "1658"]
[BlackElo "1886"]
[PlyCount "78"]
[EventDate "2013.04.03"]
[EventType "swiss"]
[EventRounds "9"]
[EventCountry "AUS"]
[SourceTitle "EXT 2023"]
[Source "ChessBase"]
[SourceDate "2022.10.05"]
[SourceVersion "1"]
[SourceVersionDate "2022.10.05"]
[SourceQuality "1"]

1. e4 c5 2. Nc3 Nc6 3. f4 d6 4. Nf3 g6 5. Bc4 Bg7 6. d3 e6 7. 0-0 Nge7 8. Qe1 0-0 9. Qh4 a6 10. f5 exf5 11. Bg5 Qc7 12. Bh6 Ne5 13. Ng5 Nxc4 14. Bxg7 Kxg7 15. dxc4 h6 16. Nh3 fxe4 17. Qf6+ Kg8 18. Nxe4 d5 19. cxd5 Nxd5 20. Qh4 Qe7 21. Qxe7 Nxe7 22. Nf4 b6 23. Rad1 Bf5 24. Nf6+ Kg7 25. Nd7 Rfd8 26. Nxb6 Rxd1 27. Rxd1 Rb8 28. Nc4 Bxc2 29. Rd7 Nf5 30. Ne5 Kf6 31. Nxf7 Rxb2 32. Nh8 g5 33. Rf7+ Ke5 34. Nhg6+ Kd4 35. Ne6+ Ke3 36. h4 Be4 37. Nxc5 Rxg2+ 38. Kf1 Ng3+ 39. Ke1 Rg1+ 0-1

[Event "Sydney op-B"]
[Site "Parramatta"]
[Date "2013.04.03"]
[Round "1"]
[White "Childs, Stephen"]
[Black "Escribano, Jose"]
[Result "0-1"]
[WhiteElo "1283"]
[BlackElo "1658"]
[PlyCount "80"]
[EventDate "2013.04.03"]
[EventType "swiss"]
[EventRounds "9"]
[EventCountry "AUS"]
[SourceTitle "EXT 2023"]
[Source "ChessBase"]
[SourceDate "2022.10.05"]
[SourceVersion "1"]
[SourceVersionDate "2022.10.05"]
[SourceQuality "1"]

1. e4 c5 2. Nf3 Nc6 3. d4 cxd4 4. Nxd4 g6 5. Nc3 Bg7 6. Be3 Nf6 7. Qd2 Ng4 8. Nxc6 bxc6 9. Bd4 Nf6 10. e5 Ng4 11. e6 Bh6 12. exf7+ Kxf7 13. Qe2 e5 14. Qf3+ Nf6 15. Be3 Bg7 16. Be2 d5 17. Bg5 Rf8 18. 0-0 Kg8 19. Rad1 Qb6 20. Na4 Qb4 21. b3 Ne4 22. Qe3 Nxg5 23. Qxg5 e4 24. Qe3 Bf5 25. c3 Qe7 26. f3 Rae8 27. fxe4 Qc7 28. Qc5 Bxe4 29. Rxf8+ Bxf8 30. Qf2 Bd6 31. g3 Qe7 32. Nb2 Bc5 33. Rd4 Bxd4 34. cxd4 Bb1 35. Bf3 Qe1+ 36. Qf1 Qxf1+ 37. Kxf1 Bxa2 38. b4 Re3 39. Be2 Bb1 40. Ke1 Rb3 0-1

[Event "Australian op"]
[Site "Cammeray"]
[Date "2013.01.06"]
[Round "6"]
[White "Wang, Oscar Miao"]
[Black "Escribano, Jose"]
[Result "1-0"]
[WhiteElo "2034"]
[BlackElo "1824"]
[PlyCount "75"]
[EventDate "2013.01.02"]
[EventType "swiss"]
[EventRounds "11"]
[EventCountry "AUS"]
[SourceTitle "CBM 152 Extra"]
[Source "ChessBase"]
[SourceDate "2013.02.25"]
[SourceVersion "1"]
[SourceVersionDate "2013.02.25"]
[SourceQuality "1"]

1. e4 c5 2. Nf3 d6 3. d4 cxd4 4. Nxd4 Nf6 5. f3 g6 6. c4 Bg7 7. Be3 Nc6 8. Qd2 Bd7 9. Nc3 Qa5 10. Be2 Rc8 11. 0-0 Ne5 12. b3 a6 13. Rfc1 h5 14. a3 h4 15. b4 Qd8 16. Nd5 h3 17. g3 Nh5 18. c5 dxc5 19. bxc5 Bb5 20. Nxb5 axb5 21. Rab1 e6 22. Nf4 Qf6 23. Rxb5 Nxg3 24. hxg3 g5 25. Rxb7 Rd8 26. Qb4 gxf4 27. Bxf4 0-0 28. Qc3 Rd3 29. Qxe5 Qxe5 30. Bxe5 Rxa3 31. Bxg7 Kxg7 32. c6 Ra2 33. c7 h2+ 34. Kh1 Rh8 35. Rb8 Rh3 36. c8Q Rxe2 37. f4 Re3 38. Qg8+ 1-0

[Event "Sydney op-A"]
[Site "Parramatta"]
[Date "2008.03.27"]
[Round "5"]
[White "Escribano, Jose"]
[Black "Bennett, Hilton Petrie"]
[Result "1/2-1/2"]
[WhiteElo "1840"]
[BlackElo "2094"]
[PlyCount "107"]
[EventDate "2008.03.25"]
[EventType "swiss"]
[EventRounds "9"]
[EventCountry "AUS"]
[SourceTitle "EXT 2023"]
[Source "ChessBase"]
[SourceDate "2022.10.05"]
[SourceVersion "1"]
[SourceVersionDate "2022.10.05"]
[SourceQuality "1"]

1. e4 d6 2. Nc3 Nf6 3. f4 c6 4. Nf3 Bg4 5. d4 Qa5 6. h3 Bxf3 7. Qxf3 e5 8. Bd2 Nbd7 9. Nd5 Qd8 10. dxe5 dxe5 11. Nxf6+ Qxf6 12. 0-0-0 Qe6 13. Kb1 exf4 14. Bc3 0-0-0 15. Qxf4 f6 16. Ba5 Nb6 17. Rxd8+ Kxd8 18. Qb8+ Ke7 19. Qxb7+ Qd7 20. Ba6 Qxb7 21. Bxb7 Nc4 22. Bc3 Kd7 23. Rd1+ Kc7 24. Ba6 Nb6 25. e5 Be7 26. exf6 Bxf6 27. Bxf6 gxf6 28. Bd3 h6 29. Rf1 Re8 30. b3 Nd5 31. Kb2 Rg8 32. Rf2 Rg3 33. a4 h5 34. Bc4 Ne3 35. Be2 h4 36. Rxf6 Rxg2 37. Bd3 Rg3 38. a5 Rxh3 39. Rf7+ Kd6 40. Rxa7 Rg3 41. a6 h3 42. Rh7 Nd1+ 43. Ka3 Nf2 44. a7 Rg1 45. Kb4 Nxd3+ 46. cxd3 Ra1 47. Rh6+ Kd5 48. Rh5+ Kd4 49. Ra5 Rxa5 50. Kxa5 h2 51. a8Q h1Q 52. Qd8+ Kc3 53. Qf6+ Kxb3 54. d4 1/2-1/2

[Event "Australian op"]
[Site "Tuggeranong"]
[Date "2007.01.05"]
[Round "8"]
[White "Tredinnick, Malcolm Robert"]
[Black "Escribano, Jose"]
[Result "1-0"]
[WhiteElo "2189"]
[BlackElo "1857"]
[PlyCount "93"]
[EventDate "2006.12.28"]
[EventType "swiss"]
[EventRounds "11"]
[EventCountry "AUS"]
[SourceTitle "CBM 116 Extra"]
[Source "ChessBase"]
[SourceDate "2007.03.07"]
[SourceVersion "1"]
[SourceVersionDate "2007.03.07"]
[SourceQuality "1"]

1. c4 e5 2. g3 Nc6 3. Bg2 f5 4. Nc3 Nf6 5. e3 g6 6. Nge2 Bg7 7. 0-0 0-0 8. Rb1 d6 9. d3 h6 10. b4 a6 11. Bd2 g5 12. f4 Qe8 13. Nd5 Qf7 14. a4 Nxd5 15. cxd5 Ne7 16. Qb3 Bd7 17. b5 axb5 18. axb5 Qh5 19. Bf3 g4 20. Bg2 Qe8 21. Rfc1 Rc8 22. b6 Ba4 23. Qb4 cxb6 24. Qxd6 Rf6 25. Rxc8 Nxc8 26. Qxe5 Qd7 27. Qb2 b5 28. Bc3 Rd6 29. Be5 Qe7 30. e4 Rb6 31. Bxg7 Qxg7 32. Qxg7+ Kxg7 33. Nd4 fxe4 34. dxe4 b4 35. e5 b3 36. Ne6+ Kf7 37. Nc5 Rb4 38. Nxa4 Rxa4 39. d6 Ke6 40. Bd5+ Kd7 41. Bxb3 Rd4 42. Bc2 Nxd6 43. exd6 Kxd6 44. Rd1 Kc5 45. Rxd4 Kxd4 46. Bf5 h5 47. Bg6 1-0

[Event "Australian op"]
[Site "Tuggeranong"]
[Date "2007.01.03"]
[Round "6"]
[White "Truscott, Anthony J"]
[Black "Escribano, Jose"]
[Result "1/2-1/2"]
[WhiteElo "2111"]
[BlackElo "1857"]
[PlyCount "30"]
[EventDate "2006.12.28"]
[EventType "swiss"]
[EventRounds "11"]
[EventCountry "AUS"]
[SourceTitle "CBM 116 Extra"]
[Source "ChessBase"]
[SourceDate "2007.03.07"]
[SourceVersion "1"]
[SourceVersionDate "2007.03.07"]
[SourceQuality "1"]

1. d4 f5 2. Nf3 Nf6 3. e3 g6 4. Nc3 Bg7 5. Bd3 d6 6. Ne2 Nc6 7. Bb5 0-0 8. c3 Ne4 9. h4 e5 10. Qc2 Be6 11. Ba4 Na5 12. Bb3 Nxb3 13. axb3 c5 14. 0-0 Bf6 15. g3 a6 1/2-1/2

[Event "Australian op"]
[Site "Tuggeranong"]
[Date "2007.01.01"]
[Round "4"]
[White "Escribano, Jose"]
[Black "Holt, Kenneth P"]
[Result "1/2-1/2"]
[WhiteElo "1857"]
[BlackElo "1953"]
[PlyCount "49"]
[EventDate "2006.12.28"]
[EventType "swiss"]
[EventRounds "11"]
[EventCountry "AUS"]
[SourceTitle "CBM 116 Extra"]
[Source "ChessBase"]
[SourceDate "2007.03.07"]
[SourceVersion "1"]
[SourceVersionDate "2007.03.07"]
[SourceQuality "1"]

1. e4 c6 2. d4 d5 3. e5 Bf5 4. Nc3 e6 5. g4 Bg6 6. Nge2 c5 7. h4 Nc6 8. h5 Be4 9. Nxe4 dxe4 10. Be3 Qa5+ 11. c3 0-0-0 12. Bg2 Nxe5 13. Bxe4 Nf6 14. Bxb7+ Kxb7 15. Qb3+ Qb6 16. dxe5 Nxg4 17. Bg5 Rd5 18. f4 f6 19. Bh4 fxe5 20. fxe5 Nxe5 21. 0-0 c4+ 22. Qxb6+ axb6 23. b4 cxb3 24. axb3 Bc5+ 25. Kh1 1/2-1/2

[Event "Doeberl Cup 44th"]
[Site "Canberra"]
[Date "2006.04.14"]
[Round "2"]
[White "Dragicevic, Domagoj"]
[Black "Escribano, Jose"]
[Result "1-0"]
[WhiteElo "2104"]
[BlackElo "1665"]
[PlyCount "87"]
[EventDate "2006.04.14"]
[EventType "swiss"]
[EventRounds "7"]
[EventCountry "AUS"]
[SourceTitle "CBM 111 Extra"]
[Source "ChessBase"]
[SourceDate "2006.05.09"]
[SourceVersion "1"]
[SourceVersionDate "2006.05.09"]
[SourceQuality "1"]

1. e4 c5 2. Nf3 d6 3. d4 cxd4 4. Nxd4 Nf6 5. Nc3 g6 6. f4 Nc6 7. Be2 Nxd4 8. Qxd4 Bg7 9. 0-0 0-0 10. Qd3 Qb6+ 11. Be3 Qa5 12. Kh1 Bd7 13. Rad1 Bc6 14. Bf3 Rac8 15. a3 a6 16. Rfe1 Rfe8 17. Bf2 Nd7 18. e5 dxe5 19. Bxc6 Rxc6 20. Qxd7 Rcc8 21. Rd5 b5 22. fxe5 Rcd8 23. Qc6 Rb8 24. Ba7 Rec8 25. Qd7 Rc7 26. b4 Rxd7 27. bxa5 Rxa7 28. Rc5 e6 29. Rc6 Rd8 30. h3 Bf8 31. Ra1 Raa8 32. a4 b4 33. Ne4 Kg7 34. Nd6 Bxd6 35. exd6 Rd7 36. Rd1 Kf6 37. Rb6 Rc8 38. Rxa6 Rc5 39. Ra8 Rxc2 40. Rb8 Rc4 41. a6 b3 42. a7 b2 43. a8Q Rxd6 44. Rxd6 1-0

[Event "Doeberl Cup 44th"]
[Site "Canberra"]
[Date "2006.04.14"]
[Round "1"]
[White "Escribano, Jose"]
[Black "Tredinnick, Malcolm Robert"]
[Result "0-1"]
[WhiteElo "1665"]
[BlackElo "2057"]
[PlyCount "102"]
[EventDate "2006.04.14"]
[EventType "swiss"]
[EventRounds "7"]
[EventCountry "AUS"]
[SourceTitle "CBM 111 Extra"]
[Source "ChessBase"]
[SourceDate "2006.05.09"]
[SourceVersion "1"]
[SourceVersionDate "2006.05.09"]
[SourceQuality "1"]

1. e4 c5 2. Nc3 Nc6 3. Nf3 e6 4. Bb5 Nd4 5. 0-0 Nxb5 6. Nxb5 a6 7. Nc3 Ne7 8. d4 cxd4 9. Nxd4 Qc7 10. Re1 b5 11. a3 Bb7 12. Be3 Ng6 13. Nf3 Be7 14. Qd2 0-0 15. Rad1 Rad8 16. Bg5 f6 17. Be3 f5 18. Bg5 Bxg5 19. Nxg5 h6 20. exf5 Qc6 21. f3 Nh4 22. Nge4 Rxf5 23. Qd6 Qc8 24. Qg3 Nxf3+ 25. gxf3 d5 26. Nf2 Rdf8 27. Rd3 Qc5 28. Re5 R5f6 29. Kg2 Qc6 30. Re2 Kh7 31. Kh1 a5 32. Qe5 Bc8 33. Ree3 Rf5 34. Qg3 b4 35. axb4 axb4 36. Ne2 Qxc2 37. Nd4 Qc1+ 38. Qg1 Qxg1+ 39. Kxg1 Rg5+ 40. Kh1 e5 41. Nc6 e4 42. Rb3 Bb7 43. Nd4 Rc8 44. Re1 Rc4 45. Nb5 Rg6 46. Nc3 bxc3 47. Rxb7 c2 48. Rc1 e3 49. Nd3 Rd4 50. Rb3 e2 51. Rxc2 Rxd3 0-1

[Event "Doeberl Cup 43rd"]
[Site "Canberra"]
[Date "2005.03.25"]
[Round "1"]
[White "Escribano, Jose"]
[Black "Bennett, Hilton Petrie"]
[Result "1-0"]
[WhiteElo "1672"]
[BlackElo "2023"]
[PlyCount "83"]
[EventDate "2005.03.25"]
[EventType "swiss"]
[EventRounds "7"]
[EventCountry "AUS"]
[SourceTitle "CBM 105 Extra"]
[Source "ChessBase"]
[SourceDate "2005.05.01"]
[SourceVersion "1"]
[SourceVersionDate "2005.05.01"]
[SourceQuality "1"]

1. e4 d5 2. exd5 Nf6 3. Bb5+ Bd7 4. Bc4 Bg4 5. f3 Bf5 6. Nc3 Nbd7 7. g4 Nb6 8. Bb3 Bc8 9. d4 Nfxd5 10. Nxd5 Nxd5 11. c4 Nb6 12. Bf4 h5 13. g5 Bf5 14. Qd2 a5 15. a3 e6 16. Ne2 a4 17. Ba2 Qd7 18. h4 Be7 19. Be5 f6 20. gxf6 gxf6 21. Bf4 0-0-0 22. 0-0-0 Qc6 23. Qc3 Rhg8 24. Rhg1 e5 25. d5 Qd6 26. Be3 Nd7 27. Ng3 Bg6 28. Bb1 Nc5 29. Bxg6 Nb3+ 30. Kb1 e4 31. Bf5+ Kb8 32. Nxe4 Qh2 33. Nd2 Nc5 34. Bxc5 Bxc5 35. Rxg8 Rxg8 36. Ne4 Rg1 37. Rxg1 Qxg1+ 38. Ka2 Bd4 39. Qb4 Qe3 40. Nc3 Qxf3 41. Qf8+ Ka7 42. Nb5+ 1-0

[Event "Australian op"]
[Site "Mount Buller"]
[Date "2005.01.04"]
[Round "7"]
[White "Mortensen, Henrik"]
[Black "Escribano, Jose"]
[Result "1-0"]
[WhiteElo "2030"]
[BlackElo "2037"]
[PlyCount "85"]
[EventDate "2004.12.28"]
[EventType "swiss"]
[EventRounds "11"]
[EventCountry "AUS"]
[SourceTitle "CBM 104 Extra"]
[Source "ChessBase"]
[SourceDate "2005.03.01"]
[SourceVersion "1"]
[SourceVersionDate "2005.03.01"]
[SourceQuality "1"]

1. f4 e5 2. fxe5 d6 3. exd6 Bxd6 4. Nf3 Nf6 5. d4 Bg4 6. e3 c6 7. Qd3 Bxf3 8. gxf3 Qa5+ 9. Nc3 Qh5 10. Ne4 Qh4+ 11. Kd1 Be7 12. Nxf6+ gxf6 13. Bd2 Qh5 14. Be2 Rg8 15. f4 Qh3 16. e4 Qh4 17. Qf3 Nd7 18. Be1 Qh6 19. f5 0-0-0 20. Bd2 Qf8 21. c3 c5 22. Kc2 Kb8 23. Rac1 cxd4 24. cxd4 Nb6 25. Be3 Qe8 26. Kb1 Bd6 27. Bd1 Qb5 28. Qe2 Qe8 29. Bc2 h5 30. Qxh5 Nc4 31. Qf3 Qb5 32. Bb3 Nxe3 33. Qxe3 Rg2 34. Rc2 Rg4 35. Bxf7 Rf4 36. h4 Rf1+ 37. Rxf1 Qxf1+ 38. Rc1 Qg2 39. e5 fxe5 40. dxe5 Bb4 41. e6 Rd2 42. Qe5+ Bd6 43. Qh8+ 1-0

[Event "Australian op"]
[Site "Mount Buller"]
[Date "2004.12.30"]
[Round "3"]
[White "Pyke, Malcolm"]
[Black "Escribano, Jose"]
[Result "0-1"]
[WhiteElo "2093"]
[BlackElo "2037"]
[PlyCount "45"]
[EventDate "2004.12.28"]
[EventType "swiss"]
[EventRounds "11"]
[EventCountry "AUS"]
[SourceTitle "CBM 104 Extra"]
[Source "ChessBase"]
[SourceDate "2005.03.01"]
[SourceVersion "1"]
[SourceVersionDate "2005.03.01"]
[SourceQuality "1"]

1. d4 f5 2. g3 Nf6 3. Bg2 g6 4. c4 Bg7 5. Nh3 e6 6. Nc3 d6 7. 0-0 c6 8. Nf4 0-0 9. Nd3 Nbd7 10. Nf4 Qe8 11. d5 Nc5 12. dxc6 bxc6 13. Qxd6 Nce4 14. Nxe4 Nxe4 15. Qd1 e5 16. Nd3 Qe6 17. Qc2 Nd6 18. b3 e4 19. Nb2 Rd8 20. Bg5 Rd7 21. Rad1 Nf7 22. Be3 Ne5 23. Rxd7 0-1

[Event "Australian op"]
[Site "Mount Buller"]
[Date "2004.12.28"]
[Round "1"]
[White "Chan, Jason"]
[Black "Escribano, Jose"]
[Result "1-0"]
[WhiteElo "2140"]
[BlackElo "2037"]
[PlyCount "95"]
[EventDate "2004.12.28"]
[EventType "swiss"]
[EventRounds "11"]
[EventCountry "AUS"]
[SourceTitle "CBM 104 Extra"]
[Source "ChessBase"]
[SourceDate "2005.03.01"]
[SourceVersion "1"]
[SourceVersionDate "2005.03.01"]
[SourceQuality "1"]

1. a3 e5 2. c4 f5 3. d4 e4 4. Nc3 Nf6 5. Bg5 c6 6. e3 Be7 7. Nh3 d6 8. Rc1 Be6 9. Be2 Nbd7 10. 0-0 0-0 11. Qc2 Rc8 12. Rfd1 h6 13. Bxf6 Nxf6 14. Qb3 b6 15. d5 cxd5 16. cxd5 Bf7 17. Qa4 a5 18. Bb5 g5 19. Bc6 Bh5 20. Rf1 Ng4 21. Nb5 Ne5 22. Nd4 Bf7 23. Nxf5 Bh5 24. Qxe4 Bg6 25. Nxe7+ Qxe7 26. Qd4 Bf5 27. f4 Nd3 28. Rc3 Nc5 29. Nf2 gxf4 30. exf4 Kh7 31. Re3 Qh4 32. Rfe1 Rf7 33. b4 axb4 34. axb4 Na6 35. g3 Rg8 36. Qxb6 Bc8 37. Qd4 Bf5 38. Re8 Qf6 39. Qxf6 Rxf6 40. b5 Nc5 41. b6 Rg7 42. R1e7 Rff7 43. Rxf7 Rxf7 44. Kg2 Bd7 45. Rd8 Kg6 46. b7 Bxc6 47. b8Q Bxd5+ 48. Kg1 1-0

[Event "Doeberl Cup Major 42nd"]
[Site "Canberra"]
[Date "2004.04.09"]
[Round "2"]
[White "Van Riel, Bas"]
[Black "Escribano, Jose"]
[Result "1/2-1/2"]
[WhiteElo "1824"]
[BlackElo "1654"]
[PlyCount "54"]
[EventDate "2004.04.09"]
[EventType "swiss"]
[EventRounds "7"]
[EventCountry "AUS"]
[SourceTitle "EXT 2006"]
[Source "ChessBase"]
[SourceDate "2005.11.24"]
[SourceVersion "1"]
[SourceVersionDate "2005.11.24"]
[SourceQuality "1"]

1. e4 c5 2. Nf3 d6 3. d4 cxd4 4. Nxd4 Nf6 5. Nc3 g6 6. Bg5 Bg7 7. Qd2 h6 8. Bxf6 Bxf6 9. Nd5 Bg7 10. 0-0-0 Nc6 11. Nb3 a5 12. a4 Bd7 13. Bb5 0-0 14. f4 Bg4 15. Rdf1 Be6 16. h3 Rc8 17. f5 gxf5 18. exf5 Nd4 19. Nxe7+ Qxe7 20. Nxd4 Bc4 21. Bxc4 Rxc4 22. Re1 Qd7 23. Nb5 Rxa4 24. Qd3 Re8 25. Kb1 Re5 26. Rxe5 Bxe5 27. Rf1 Qc6 1/2-1/2

[Event "AUS-ch reserves"]
[Site "Adelaide"]
[Date "2004.01.03"]
[Round "5.42"]
[White "Murray, Russell"]
[Black "Escribano, Jose"]
[Result "1/2-1/2"]
[WhiteElo "1727"]
[BlackElo "1573"]
[PlyCount "78"]
[EventDate "2003.12.??"]
[EventType "swiss"]
[EventRounds "11"]
[EventCountry "AUS"]
[SourceTitle "EXT 2005"]
[Source "ChessBase"]
[SourceDate "2004.11.15"]
[SourceVersion "1"]
[SourceVersionDate "2004.11.15"]
[SourceQuality "1"]

1. e4 c5 2. c4 Nc6 3. Nc3 Nf6 4. d3 d6 5. g3 g6 6. Bg2 Bd7 7. Nge2 Qc8 8. 0-0 Bg7 9. f4 0-0 10. Be3 Ng4 11. Bd2 Nd4 12. Rb1 a5 13. Nd5 Nxe2+ 14. Qxe2 Bd4+ 15. Kh1 Qd8 16. Bf3 Nf6 17. Nxf6+ exf6 18. b3 Rb8 19. a4 Re8 20. h4 Bh3 21. Bg2 Bxg2+ 22. Qxg2 h6 23. f5 g5 24. Qf3 Kg7 25. Qh5 Rh8 26. Kg2 b6 27. Kf3 Qe7 28. Be3 Qe5 29. Bxd4 Qxd4 30. Ke2 Rbe8 31. Qf3 d5 32. cxd5 Qxd5 33. Kf2 Qe5 34. Rfd1 Rd8 35. Qe2 Rd4 36. hxg5 hxg5 37. Rh1 Rdd8 38. Kg2 Qd4 39. Rxh8 Rxh8 1/2-1/2

[Event "AUS-ch reserves"]
[Site "Melbourne"]
[Date "2002.01.03"]
[Round "6"]
[White "Escribano, Jose"]
[Black "Moylan, Laura"]
[Result "0-1"]
[WhiteElo "1528"]
[BlackElo "2087"]
[PlyCount "96"]
[EventDate "2001.12.28"]
[EventType "swiss"]
[EventRounds "11"]
[EventCountry "AUS"]
[SourceTitle "EXT 2003"]
[Source "ChessBase"]
[SourceDate "2002.11.25"]
[SourceVersion "1"]
[SourceVersionDate "2002.11.25"]
[SourceQuality "1"]

1. e4 c5 2. Nf3 d6 3. Nc3 Nc6 4. Bb5 a6 5. Bxc6+ bxc6 6. d3 e5 7. Bg5 f6 8. Bd2 d5 9. Nxe5 fxe5 10. Qh5+ Kd7 11. Qxe5 Qf6 12. Qg3 d4 13. Na4 Bd6 14. f4 Ke8 15. e5 Qe7 16. Nb6 Rb8 17. Nc4 Bc7 18. 0-0 Bf5 19. Rae1 Kf7 20. Qf3 Qd7 21. h3 Nh6 22. Qh5+ Kg8 23. g4 Nxg4 24. hxg4 Bxg4 25. Qh1 Rf8 26. Rf2 Bh3 27. Rf3 Be6 28. Rg3 h5 29. Rg6 h4 30. Nd6 h3 31. Kh2 Bxd6 32. exd6 Bf7 33. Rg5 Qxd6 34. Reg1 Rh7 35. Qf3 Bd5 36. Qg4 Qf6 37. b3 Re8 38. Rg3 Bg2 39. Rh5 Rxh5 40. Qxh5 Qf7 41. Qg4 Bf1 42. Qf3 Re2+ 43. Kg1 h2+ 44. Kxf1 Rxd2 45. Qxc6 h1Q+ 46. Qxh1 Rd1+ 47. Kg2 Qd5+ 48. Rf3 Rxh1 0-1